| 000 | 00476nam a2200193Ia 4500 | ||
|---|---|---|---|
| 003 | OSt | ||
| 005 | 20230607160739.0 | ||
| 008 | 210423s2003 xx 000 0 und d | ||
| 040 | _cAL | ||
| 041 | _aeng | ||
| 082 |
_a658 BRUD _223 |
||
| 100 |
_aBRUCE (Greg);LAUNSBY (Robert G) _9121820 |
||
| 245 | _aDesign for six sigma | ||
| 260 |
_bTata McGraw-hill _c2003 |
||
| 365 |
_b225 _cINR |
||
| 650 |
_aManagement _9121821 |
||
| 906 | _aDesign ; sigma ; six | ||
| 942 |
_2ddc _cBK |
||
| 999 |
_c173872 _d173872 |
||